[Event "RUS-chT2"]
[Site "Sochi"]
[Date "2025.05.03"]
[Round "7.1"]
[White "Triapishko, Alexandr"]
[Black "Turov, Maxim"]
[Result "1/2-1/2"]
[WhiteElo "2459"]
[BlackElo "2536"]
[PlyCount "65"]
[EventDate "2025.04.26"]
[EventType "team-swiss"]
[EventRounds "9"]
[EventCountry "RUS"]
[SourceTitle "CB19_2025"]
[SourceDate "2025.05.07"]
[SourceVersion "1"]
[SourceVersionDate "2025.05.07"]
[SourceQuality "1"]
[WhiteTeam "Moscow Formula Shakhmat"]
[BlackTeam "St Petersburg Galereya"]
[WhiteTeamCountry "RUS"]
[BlackTeamCountry "RUS"]

1. Nf3 Nf6 2. g3 b5 3. Bg2 Bb7 4. 0-0 e6 5. d3 Be7 6. e4 d6 7. Na3 b4 8. Nc4 a5 9. a3 c5 10. b3 0-0 11. Bb2 Nc6 12. a4 Nd7 13. Re1 Ba6 14. Nfd2 Nd4 15. f4 Bxc4 16. Nxc4 Nb8 17. Bxd4 cxd4 18. Qf3 Qc7 19. Re2 Nd7 20. h4 Nb6 21. Kh2 Nxc4 22. dxc4 Bf6 23. Rae1 e5 24. f5 Qe7 25. Rf2 h6 26. Ref1 Rfc8 27. Qg4 Kf8 28. Rh1 Ke8 29. Bf1 Kd7 30. Bd3 Kc6 31. Kg2 Kc5 32. Rhf1 Rh8 33. Qh5 1/2-1/2

[Event "RUS-chT2"]
[Site "Sochi"]
[Date "2025.04.29"]
[Round "4.1"]
[White "Tatarinov, Dmitry"]
[Black "Triapishko, Alexandr"]
[Result "1/2-1/2"]
[WhiteElo "2344"]
[BlackElo "2459"]
[PlyCount "32"]
[EventDate "2025.04.26"]
[EventType "team-swiss"]
[EventRounds "9"]
[EventCountry "RUS"]
[SourceTitle "CB19_2025"]
[SourceDate "2025.05.07"]
[SourceVersion "1"]
[SourceVersionDate "2025.05.07"]
[SourceQuality "1"]
[WhiteTeam "Prikame Perm Region"]
[BlackTeam "Moscow Formula Shakhmat"]
[WhiteTeamCountry "RUS"]
[BlackTeamCountry "RUS"]

1. d4 Nf6 2. c4 e6 3. Nf3 d5 4. Nc3 Bb4 5. Bg5 0-0 6. e3 c5 7. Rc1 Nbd7 8. cxd5 exd5 9. Bd3 Qa5 10. Bxf6 Nxf6 11. dxc5 Qxa2 12. 0-0 Bxc3 13. Rxc3 Qxb2 14. Rc2 Qa3 15. Nd4 Qa5 16. Qb1 a6 1/2-1/2

[Event "Titled Tuesday intern op 01st Apr Early"]
[Site "Chess.com INT"]
[Date "2025.04.01"]
[Round "10"]
[White "Sindarov, Islombek"]
[Black "Triapishko, Alexandr"]
[Result "0-1"]
[WhiteElo "2129"]
[BlackElo "2474"]
[PlyCount "110"]
[EventDate "2025.04.01"]
[EventType "swiss (blitz)"]
[EventRounds "11"]
[EventCountry "USA"]
[SourceTitle "CB15_2025"]
[SourceDate "2025.04.09"]
[SourceVersion "1"]
[SourceVersionDate "2025.04.09"]
[SourceQuality "1"]

1. e4 g6 2. Nf3 Bg7 3. Bc4 d6 4. d4 Nf6 5. Nc3 Nxe4 6. Nxe4 d5 7. Bd3 dxe4 8. Bxe4 0-0 9. 0-0 Nd7 10. c3 c5 11. Be3 Nf6 12. Bc2 Qc7 13. dxc5 Ng4 14. Qe2 Nxe3 15. Qxe3 e6 16. Rad1 Bd7 17. Rd6 Rfd8 18. Rfd1 Bc6 19. Ne5 Be8 20. b4 b6 21. Ng4 h5 22. Ne5 bxc5 23. bxc5 Rac8 24. g3 Rxd6 25. cxd6 Qxc3 26. Qxc3 Rxc3 27. d7 Bxd7 28. Rxd7 Bxe5 29. Bb3 Bc7 30. Kg2 Kf8 31. h3 Bb6 32. Rd2 Ke7 33. g4 h4 34. Re2 Rd3 35. Bc2 Rd4 36. Bb3 a5 37. Bc2 Rb4 38. Bb3 a4 39. Bd1 Bd4 40. Re4 e5 41. Re2 a3 42. Bb3 Rxb3 43. axb3 Bb2 44. f4 a2 45. Rxb2 a1Q 46. Re2 Qa8+ 47. Kf2 Qh1 48. Rxe5+ Kd6 49. Re3 Qh2+ 50. Ke1 Qxf4 51. Ke2 Qh2+ 52. Kd3 Kd5 53. Kc3 Qg1 54. Kd3 Qd1+ 55. Kc3 Qd4+ 0-1

[Event "Titled Tuesday intern op 01st Apr Early"]
[Site "Chess.com INT"]
[Date "2025.04.01"]
[Round "3"]
[White "Triapishko, Alexandr"]
[Black "Ohler, Julius"]
[Result "1-0"]
[WhiteElo "2474"]
[BlackElo "2300"]
[PlyCount "65"]
[EventDate "2025.04.01"]
[EventType "swiss (blitz)"]
[EventRounds "11"]
[EventCountry "USA"]
[SourceTitle "CB15_2025"]
[SourceDate "2025.04.09"]
[SourceVersion "1"]
[SourceVersionDate "2025.04.09"]
[SourceQuality "1"]

1. d4 d5 2. Nf3 Nf6 3. c4 dxc4 4. Nc3 Bg4 5. Ne5 Bf5 6. f3 e6 7. e4 Bg6 8. Bxc4 Nbd7 9. Nxd7 Qxd7 10. Be3 Be7 11. Qb3 c6 12. 0-0 0-0 13. Rfd1 b5 14. Bf1 a6 15. Rac1 Rfd8 16. Ne2 Rac8 17. Nf4 Qe8 18. Nd3 Nd7 19. Qc3 f6 20. Qa5 Nb8 21. Rd2 Qd7 22. Nc5 Bxc5 23. dxc5 Qe7 24. Rcd1 Rxd2 25. Rxd2 e5 26. Rd6 Bf7 27. b3 h6 28. h3 Be6 29. Kh2 Kf7 30. Be2 Qc7 31. Qd2 Nd7 32. f4 Re8 33. f5 1-0

[Event "Titled Tuesday intern op 01st Apr Early"]
[Site "Chess.com INT"]
[Date "2025.04.01"]
[Round "2"]
[White "Von Naso, Lancelot"]
[Black "Triapishko, Alexandr"]
[Result "0-1"]
[WhiteElo "2205"]
[BlackElo "2474"]
[PlyCount "48"]
[EventDate "2025.04.01"]
[EventType "swiss (blitz)"]
[EventRounds "11"]
[EventCountry "USA"]
[SourceTitle "CB15_2025"]
[SourceDate "2025.04.09"]
[SourceVersion "1"]
[SourceVersionDate "2025.04.09"]
[SourceQuality "1"]

1. f4 d5 2. Nf3 Nc6 3. g3 h5 4. Bg2 h4 5. Nxh4 Rxh4 6. gxh4 e5 7. 0-0 Qxh4 8. Qe1 Qxe1 9. Rxe1 Nd4 10. Na3 Bxa3 11. bxa3 Nxc2 12. Bb2 Nxa1 13. Bxa1 e4 14. d3 Bf5 15. Bxg7 f6 16. dxe4 Bxe4 17. Bxe4 dxe4 18. Kf2 Kf7 19. Rg1 Ne7 20. Ke3 Nf5+ 21. Kxe4 Nxg7 22. Kf3 Rh8 23. Rg2 Nf5 24. e4 Nh4+ 0-1

[Event "Moscow Ivi GP op"]
[Site "Moscow"]
[Date "2025.03.09"]
[Round "3"]
[White "Nogerbek, Kazybek"]
[Black "Triapishko, Alexandr"]
[Result "1-0"]
[WhiteElo "2530"]
[BlackElo "2474"]
[PlyCount "103"]
[EventDate "2025.03.08"]
[EventType "swiss"]
[EventRounds "10"]
[EventCountry "RUS"]
[SourceTitle "CB12_2025"]
[SourceDate "2025.03.19"]
[SourceVersion "1"]
[SourceVersionDate "2025.03.19"]
[SourceQuality "1"]

1. d4 Nf6 2. c4 e6 3. Nf3 Bb4+ 4. Bd2 a5 5. a3 Bxd2+ 6. Qxd2 0-0 7. Nc3 d5 8. e3 b6 9. cxd5 exd5 10. Bd3 Ba6 11. 0-0 Bxd3 12. Qxd3 Nc6 13. Rac1 Ne7 14. Rfe1 Rc8 15. Re2 c5 16. Qa6 Ra8 17. Qb5 Rc8 18. Rec2 cxd4 19. Nxd4 Rc5 20. Qa6 Nc6 21. Nce2 Nxd4 22. Nxd4 Ne4 23. h3 h5 24. Nb3 Rxc2 25. Rxc2 g6 26. Nd4 Nc5 27. Qb5 a4 28. Rd2 Ne4 29. Rd1 Qh4 30. Rf1 Nd2 31. Rc1 Ne4 32. Rc2 Qf6 33. Qxa4 Kg7 34. Qd7 Nc5 35. Qxd5 Rd8 36. Qf3 Qd6 37. b4 Ne6 38. Rd2 Nxd4 39. Rxd4 Qc7 40. Rxd8 Qxd8 41. Qe2 Qf6 42. Qd1 Qc6 43. a4 Kh7 44. a5 bxa5 45. bxa5 Qc3 46. a6 Qa5 47. Qd3 Qe1+ 48. Kh2 Qxf2 49. a7 Qa2 50. Qd7 h4 51. Qb7 Qf2 52. Qf3 1-0

[Event "Moscow Aeroflot op-A"]
[Site "Moscow"]
[Date "2025.03.05"]
[Round "8"]
[White "Triapishko, Alexandr"]
[Black "Sutormin, Danila"]
[Result "1/2-1/2"]
[WhiteElo "2474"]
[BlackElo "2381"]
[PlyCount "49"]
[EventDate "2025.03.01"]
[EventType "swiss"]
[EventRounds "9"]
[EventCountry "RUS"]
[SourceTitle "CB11_2025"]
[SourceDate "2025.03.12"]
[SourceVersion "1"]
[SourceVersionDate "2025.03.12"]
[SourceQuality "1"]

1. Nf3 Nf6 2. g3 b6 3. Bg2 Bb7 4. 0-0 g6 5. b3 Bg7 6. Bb2 0-0 7. c4 c5 8. Nc3 d5 9. Nxd5 Nxd5 10. Bxg7 Kxg7 11. cxd5 Qxd5 12. d4 Na6 13. Ne1 Qd7 14. dxc5 Qxd1 15. Rxd1 Bxg2 16. Kxg2 Nxc5 17. Nd3 Rfc8 18. Nxc5 Rxc5 19. Rd7 Kf6 20. Rfd1 Rc2 21. R1d2 Rxd2 22. Rxd2 Ke6 23. Rc2 Rd8 24. Kf3 Rd5 25. e4 1/2-1/2

[Event "RUS Cup final"]
[Site "Khanty-Mansiysk"]
[Date "2024.12.13"]
[Round "2.1"]
[White "Tsydypov, Zhamsaran"]
[Black "Triapishko, Alexandr"]
[Result "1/2-1/2"]
[WhiteElo "2507"]
[BlackElo "2473"]
[PlyCount "106"]
[EventDate "2024.12.11"]
[EventType "k.o."]
[EventRounds "4"]
[EventCountry "RUS"]
[SourceTitle "CB52_2024"]
[SourceDate "2024.12.25"]
[SourceVersion "1"]
[SourceVersionDate "2024.12.25"]
[SourceQuality "1"]

1. Nf3 c5 2. e4 e6 3. d4 cxd4 4. Nxd4 Nf6 5. Nc3 Nc6 6. Nxc6 bxc6 7. e5 Nd5 8. Ne4 Qc7 9. f4 Qb6 10. c4 Bb4+ 11. Ke2 f5 12. exf6 Nxf6 13. Be3 Qd8 14. Nd6+ Bxd6 15. Qxd6 Bb7 16. Rd1 Rc8 17. Rg1 c5 18. g4 h6 19. Bg2 Bxg2 20. Rxg2 Qc7 21. g5 hxg5 22. Qxc7 Rxc7 23. fxg5 Ng8 24. Bf4 Rb7 25. Be5 Rh4 26. Kd3 Ne7 27. Bxg7 Ng6 28. Rc2 d5 29. Bf6 Rh3+ 30. Kd2 d4 31. Kc1 Nf4 32. Rf2 Nd3+ 33. Rxd3 Rxd3 34. g6 Kf8 35. Bxd4+ Kg8 36. Bf6 Rb8 37. Re2 e5 38. Rxe5 Rd6 39. Bg5 Rc8 40. Be3 Rxg6 41. Rxc5 Rxc5 42. Bxc5 a5 43. Bf2 Rg4 44. c5 Kf7 45. c6 Rc4+ 46. Kd2 Rxc6 47. Kd3 Ke6 48. Be3 Kd5 49. h4 Rc4 50. Bg5 Rg4 51. Kc2 a4 52. Kc3 Rc4+ 53. Kd3 Rg4 1/2-1/2

[Event "RUS Cup final"]
[Site "Khanty-Mansiysk"]
[Date "2024.12.12"]
[Round "1.4"]
[White "Triapishko, Alexandr"]
[Black "Zakhartsov, Vladimir"]
[Result "1-0"]
[WhiteElo "2473"]
[BlackElo "2481"]
[PlyCount "139"]
[EventDate "2024.12.11"]
[EventType "k.o."]
[EventRounds "4"]
[EventCountry "RUS"]
[SourceTitle "CB52_2024"]
[SourceDate "2024.12.25"]
[SourceVersion "1"]
[SourceVersionDate "2024.12.25"]
[SourceQuality "1"]

1. e4 e5 2. Nf3 Nf6 3. Nc3 Nc6 4. g3 Bc5 5. Bg2 d6 6. d3 h6 7. h3 Be6 8. Na4 Qd7 9. b3 Bb6 10. Nxb6 axb6 11. Bb2 b5 12. a3 0-0 13. d4 exd4 14. Nxd4 Nxd4 15. Qxd4 Ne8 16. f4 f6 17. g4 c5 18. Qd2 Qe7 19. 0-0 Bd7 20. Rae1 Bc6 21. e5 fxe5 22. fxe5 Rxf1+ 23. Kxf1 Rd8 24. exd6 Qf8+ 25. Qf2 Qxd6 26. Be5 Bxg2+ 27. Kxg2 Qd5+ 28. Qf3 Qxf3+ 29. Kxf3 Kf7 30. Bc3 Nf6 31. Re5 Nd5 32. Be1 b6 33. a4 bxa4 34. bxa4 Ne7 35. Bc3 Ra8 36. Re4 Nd5 37. Bd2 Nf6 38. Rf4 g5 39. Rf5 Ke6 40. a5 bxa5 41. Rxc5 a4 42. Rc6+ Kf7 43. Rc7+ Kg8 44. c4 a3 45. Bc3 Ne8 46. Rc6 a2 47. Ba1 Ra3+ 48. Ke4 Rxh3 49. Ra6 Rh1 50. Rxa2 Nd6+ 51. Kd5 Rd1+ 52. Bd4 h5 53. Ra8+ Kf7 54. Ra7+ Ke8 55. Ke6 Nc8 56. Rh7 Re1+ 57. Be5 Rxe5+ 58. Kxe5 hxg4 59. Ke6 Kd8 60. Rd7+ Ke8 61. Rg7 Kd8 62. Rxg5 Kc7 63. Kd5 Nb6+ 64. Kd4 Na4 65. Rxg4 Kc6 66. Rg3 Kc7 67. c5 Kc6 68. Ra3 Nb2 69. Ra6+ Kc7 70. Ra2 1-0

[Event "RUS Cup final"]
[Site "Khanty-Mansiysk"]
[Date "2024.12.12"]
[Round "1.3"]
[White "Zakhartsov, Vladimir"]
[Black "Triapishko, Alexandr"]
[Result "1/2-1/2"]
[WhiteElo "2481"]
[BlackElo "2473"]
[PlyCount "241"]
[EventDate "2024.12.11"]
[EventType "k.o."]
[EventRounds "4"]
[EventCountry "RUS"]
[SourceTitle "CB52_2024"]
[SourceDate "2024.12.25"]
[SourceVersion "1"]
[SourceVersionDate "2024.12.25"]
[SourceQuality "1"]

1. Nf3 d5 2. d4 e6 3. c4 c5 4. cxd5 exd5 5. Nc3 Nc6 6. g3 Nf6 7. Bg2 Be7 8. 0-0 0-0 9. Bg5 c4 10. Ne5 Be6 11. Nxc6 bxc6 12. b3 cxb3 13. axb3 h6 14. Bxf6 Bxf6 15. Na4 a5 16. e3 Be7 17. Qc2 Qc7 18. Rfc1 Rfc8 19. Nc5 Bxc5 20. Qxc5 Qb7 21. Rc3 Qb4 22. Bf3 Bd7 23. Bd1 Rcb8 24. Ra4 Qxc5 25. Rxc5 Rb5 26. Rc1 Rb4 27. Ra3 Kf8 28. Rca1 Rb5 29. Ra4 c5 30. dxc5 Rxc5 31. R4a3 Rb5 32. Be2 Rb4 33. Rxa5 Rxa5 34. Rxa5 Rxb3 35. Rxd5 Rb1+ 36. Rd1 Rxd1+ 37. Bxd1 g5 38. Kf1 Ke7 39. Ke2 f6 40. Kd3 Kd6 41. Kd4 Bc6 42. Bc2 Bb7 43. Be4 Bc8 44. Bd5 Bd7 45. Bf7 Ke7 46. Bg6 Ke6 47. Bh7 Bc6 48. Bg8+ Kd6 49. Bb3 Bf3 50. Bc2 Bc6 51. Be4 Bd7 52. Bh7 Bc6 53. Bg6 Bb7 54. f4 Bc6 55. h4 gxh4 56. gxh4 Bf3 57. Bf7 Ke7 58. Bd5 Bd1 59. Kc5 Bc2 60. Bb7 Bd1 61. Bc8 Bc2 62. Kd5 Bb3+ 63. Kd4 Bc2 64. e4 Kd8 65. Bg4 Ke7 66. e5 Bb1 67. Bf3 Bf5 68. Be4 Bg4 69. Bg6 Bc8 70. Ke4 Bb7+ 71. Ke3 Ke6 72. Kd4 Ke7 73. Bf5 Bf3 74. Ke3 Bc6 75. Kf2 Ba4 76. Bg4 Bb3 77. Kg3 Bc4 78. Bd1 Ke6 79. Bg4+ Ke7 80. Kf3 Bd5+ 81. Ke3 Bb3 82. Kd4 Bc2 83. Bh3 Bb3 84. Bg2 Be6 85. Bd5 Bf5 86. Ke3 Bc2 87. Kf3 Bf5 88. Kg3 Bd7 89. Bg2 Be6 90. Bf1 Bf5 91. Bc4 Bd7 92. Be2 Bf5 93. Bc4 Bc2 94. Bf1 Bf5 95. Be2 Ke6 96. Bc4+ Ke7 97. Bd5 Bc8 98. Kf3 Bf5 99. Ke3 Bc8 100. Ke4 Bg4 101. Bg8 Bd1 102. Bc4 Bg4 103. f5 fxe5 104. Kxe5 Kf8 105. f6 Bh5 106. Kf5 Ke8 107. Bg8 Kf8 108. Bh7 Kf7 109. Ke5 Kf8 110. Be4 Kf7 111. Bd5+ Kf8 112. Be6 Ke8 113. Kf4 Kf8 114. Bg4 Kf7 115. Bxh5+ Kxf6 116. Be8 h5 117. Bxh5 Kg7 118. Kg5 Kh8 119. Kh6 Kg8 120. Bg6 Kh8 121. Bf7 1/2-1/2

[Event "RUS-chT Rapid"]
[Site "Sochi"]
[Date "2024.10.19"]
[Round "9.6"]
[White "Vetokhin, Savva"]
[Black "Triapishko, Alexandr"]
[Result "1/2-1/2"]
[WhiteElo "2502"]
[BlackElo "2473"]
[PlyCount "36"]
[EventDate "2024.10.18"]
[EventType "team-swiss (rapid)"]
[EventRounds "9"]
[EventCountry "RUS"]
[SourceTitle "CB43_2024"]
[Source "Chessbase"]
[SourceDate "2024.10.23"]
[SourceVersion "1"]
[SourceVersionDate "2024.10.23"]
[SourceQuality "1"]
[WhiteTeam "St Petersburg SSHOR"]
[BlackTeam "Moscow Formula Shakhmat"]
[WhiteTeamCountry "RUS"]
[BlackTeamCountry "RUS"]

1. d4 Nf6 2. c4 e6 3. Nc3 Bb4 4. e3 b6 5. Nge2 Ba6 6. a3 Be7 7. Ng3 d5 8. b3 0-0 9. Be2 c5 10. cxd5 Bxe2 11. Ngxe2 Nxd5 12. dxc5 Nxc3 13. Qxd8 Rxd8 14. Nxc3 bxc5 15. Bd2 Nc6 16. Rb1 Rab8 17. Ke2 Na5 18. Nd5 Rxd5 1/2-1/2

[Event "RUS-chT Blitz"]
[Site "Sochi"]
[Date "2024.10.17"]
[Round "5.19"]
[White "Smirnov, Pavel"]
[Black "Triapishko, Alexandr"]
[Result "1/2-1/2"]
[WhiteElo "2482"]
[BlackElo "2473"]
[PlyCount "105"]
[EventDate "2024.10.17"]
[EventType "team-swiss (blitz)"]
[EventRounds "11"]
[EventCountry "RUS"]
[SourceTitle "CB43_2024"]
[Source "Chessbase"]
[SourceDate "2024.10.23"]
[SourceVersion "1"]
[SourceVersionDate "2024.10.23"]
[SourceQuality "1"]
[WhiteTeam "Moscow Region"]
[BlackTeam "Moscow Formula Shakhmat"]
[WhiteTeamCountry "RUS"]
[BlackTeamCountry "RUS"]

1. d4 Nf6 2. c4 e6 3. g3 d5 4. Nf3 Bb4+ 5. Bd2 a5 6. Bg2 0-0 7. Qc2 c5 8. cxd5 cxd4 9. Nxd4 Qb6 10. e3 exd5 11. 0-0 Nc6 12. Nxc6 bxc6 13. Rc1 Rb8 14. Bxb4 Qxb4 15. b3 a4 16. Nd2 Bd7 17. bxa4 Ra8 18. Nb3 Qxa4 19. Nc5 Qxc2 20. Rxc2 Ra3 21. Nxd7 Nxd7 22. Rxc6 Nf6 23. Rc2 g6 24. Rd1 Rfa8 25. Rdd2 Kg7 26. h3 h5 27. Kh2 R8a7 28. Bxd5 Nxd5 29. Rxd5 Rxa2 30. Rxa2 Rxa2 31. Kg2 Rb2 32. h4 Ra2 33. Kf3 Kf6 34. Rd7 Ke6 35. Rb7 Kf6 36. e4 Rc2 37. Ke3 Ra2 38. f3 Ra3+ 39. Kf4 Rc3 40. e5+ Ke6 41. Rb6+ Ke7 42. Rb7+ Ke6 43. Rb6+ Ke7 44. g4 hxg4 45. fxg4 Rc4+ 46. Kf3 Kf8 47. e6 fxe6 48. Rxe6 Kf7 49. Ra6 Kg7 50. Kg3 Rc3+ 51. Kf4 Rc4+ 52. Kg3 Rc3+ 53. Kg2 1/2-1/2

[Event "RUS-chT Blitz"]
[Site "Sochi"]
[Date "2024.10.17"]
[Round "6.11"]
[White "Triapishko, Alexandr"]
[Black "Strybuk, Artsiom I"]
[Result "1/2-1/2"]
[WhiteElo "2473"]
[BlackElo "2431"]
[PlyCount "118"]
[EventDate "2024.10.17"]
[EventType "team-swiss (blitz)"]
[EventRounds "11"]
[EventCountry "RUS"]
[SourceTitle "CB43_2024"]
[Source "Chessbase"]
[SourceDate "2024.10.23"]
[SourceVersion "1"]
[SourceVersionDate "2024.10.23"]
[SourceQuality "1"]
[WhiteTeam "Moscow Formula Shakhmat"]
[BlackTeam "Belarus"]
[WhiteTeamCountry "RUS"]
[BlackTeamCountry "BLR"]

1. Nf3 d5 2. g3 g6 3. Bg2 Bg7 4. d4 c6 5. 0-0 Nf6 6. c3 0-0 7. Nbd2 Nbd7 8. Re1 c5 9. a4 b6 10. a5 Bb7 11. Nf1 Ne4 12. a6 Bc6 13. Ng5 cxd4 14. cxd4 Ndf6 15. Nxe4 Nxe4 16. e3 Rc8 17. Bd2 e5 18. Bc3 Nxc3 19. bxc3 Bb5 20. Qb3 Bc4 21. Qb2 exd4 22. exd4 Qd7 23. Ne3 Rfe8 24. Nxc4 dxc4 25. Bb7 Rcd8 26. Qb4 Qc7 27. Qb5 Kf8 28. Kg2 Bf6 29. h4 h5 30. Bc6 Rxe1 31. Rxe1 Rc8 32. Bd5 Kg7 33. Bb7 Rd8 34. Re3 Rd7 35. Qc6 Qxc6+ 36. Bxc6 Re7 37. Rf3 Re2 38. Bb5 Rc2 39. Bxc4 Rc1 40. Bb5 Rb1 41. Bc6 Rc1 42. Be8 Kf8 43. Rxf6 Kxe8 44. Rc6 Ra1 45. c4 Rxa6 46. Rc7 Ra2 47. d5 a5 48. Rb7 Rc2 49. Rxb6 Rxc4 50. Ra6 a4 51. Kf3 Rd4 52. Ra5 Ke7 53. Ke3 Rb4 54. Ra6 Rb3+ 55. Ke4 Rb2 56. Ra7+ Kf6 57. Ra6+ Ke7 58. Ra7+ Kf6 59. Ra6+ Ke7 1/2-1/2

[Event "RUS-chT Blitz"]
[Site "Sochi"]
[Date "2024.10.17"]
[Round "7.12"]
[White "Zakhartsov, Vladimir"]
[Black "Triapishko, Alexandr"]
[Result "0-1"]
[WhiteElo "2496"]
[BlackElo "2473"]
[PlyCount "46"]
[EventDate "2024.10.17"]
[EventType "team-swiss (blitz)"]
[EventRounds "11"]
[EventCountry "RUS"]
[SourceTitle "CB43_2024"]
[Source "Chessbase"]
[SourceDate "2024.10.23"]
[SourceVersion "1"]
[SourceVersionDate "2024.10.23"]
[SourceQuality "1"]
[WhiteTeam "Moscow MGFSO"]
[BlackTeam "Moscow Formula Shakhmat"]
[WhiteTeamCountry "RUS"]
[BlackTeamCountry "RUS"]

1. d4 Nf6 2. c4 e6 3. Nf3 Bb4+ 4. Nbd2 b6 5. e3 Bb7 6. Bd3 0-0 7. 0-0 d5 8. a3 Bxd2 9. Bxd2 a5 10. cxd5 exd5 11. b4 Ne4 12. b5 Nd7 13. a4 Re8 14. Bc1 Re6 15. Nd2 Rh6 16. f3 Qh4 17. fxe4 Qxh2+ 18. Kf2 Rf6+ 19. Nf3 dxe4 20. Rh1 Rxf3+ 21. Qxf3 Qxh1 22. Qg3 exd3 23. d5 Nf6 0-1

[Event "RUS-ch Rapid"]
[Site "Sochi"]
[Date "2024.10.16"]
[Round "10"]
[White "Kopjonkin, Kirill"]
[Black "Triapishko, Alexandr"]
[Result "0-1"]
[WhiteElo "2314"]
[BlackElo "2473"]
[PlyCount "120"]
[EventDate "2024.10.15"]
[EventType "swiss (rapid)"]
[EventRounds "11"]
[EventCountry "RUS"]
[SourceTitle "CB43_2024"]
[Source "Chessbase"]
[SourceDate "2024.10.23"]
[SourceVersion "1"]
[SourceVersionDate "2024.10.23"]
[SourceQuality "1"]

1. e4 c6 2. d4 d5 3. Nc3 dxe4 4. Nxe4 Bf5 5. Ng3 Bg6 6. Nf3 e6 7. h4 h6 8. h5 Bh7 9. Bd3 Bxd3 10. Qxd3 Nf6 11. Bd2 c5 12. 0-0-0 Nc6 13. Bc3 Qd5 14. Kb1 c4 15. Qe2 b5 16. Nf1 Ne7 17. Ne3 Qb7 18. d5 Nexd5 19. Nxd5 Nxd5 20. Rxd5 Qxd5 21. Rd1 Qb7 22. Ne5 Rd8 23. Rxd8+ Kxd8 24. Qd2+ Kc8 25. Qf4 Bd6 26. Qxf7 Bxe5 27. Qxe6+ Qd7 28. Qxd7+ Kxd7 29. Bxe5 Rg8 30. Kc1 Ke6 31. Bd4 a6 32. Kd2 Kd5 33. c3 Ke4 34. Be3 g6 35. f3+ Ke5 36. hxg6 Rxg6 37. g4 Re6 38. Ke2 Kf6 39. f4 h5 40. f5 Re5 41. gxh5 Rxf5 42. h6 Kg6 43. b3 Rd5 44. Bd2 Rh5 45. Bf4 Rh3 46. Kd2 Kf5 47. Be3 Rh2+ 48. Kc1 Ke4 49. Bg5 Kd3 50. bxc4 bxc4 51. Bf6 Rxh6 52. Bd4 Rh2 53. Kb1 Rg2 54. Be5 a5 55. a4 Re2 56. Bd4 Re7 57. Kb2 Rb7+ 58. Ka2 Kc2 59. Bf6 Rb2+ 60. Ka1 Kb3 0-1

[Event "RUS-ch Rapid"]
[Site "Sochi"]
[Date "2024.10.16"]
[Round "11"]
[White "Triapishko, Alexandr"]
[Black "Nesterov, Arseniy"]
[Result "1/2-1/2"]
[WhiteElo "2473"]
[BlackElo "2601"]
[PlyCount "60"]
[EventDate "2024.10.15"]
[EventType "swiss (rapid)"]
[EventRounds "11"]
[EventCountry "RUS"]
[SourceTitle "CB43_2024"]
[Source "Chessbase"]
[SourceDate "2024.10.23"]
[SourceVersion "1"]
[SourceVersionDate "2024.10.23"]
[SourceQuality "1"]

1. Nf3 d5 2. g3 Nf6 3. Bg2 c5 4. 0-0 e6 5. d3 Nc6 6. Bf4 Be7 7. Ne5 Nxe5 8. Bxe5 0-0 9. e4 Nd7 10. Bc3 d4 11. Bd2 b6 12. a4 Bb7 13. Na3 a6 14. Nc4 Rc8 15. f4 b5 16. axb5 axb5 17. Ra7 Ba8 18. Rxd7 Qxd7 19. Nb6 Qc6 20. Nxc8 Rxc8 21. Qg4 Bb7 22. b3 c4 23. bxc4 bxc4 24. Rb1 cxd3 25. cxd3 Qc2 26. Qd1 Qxd1+ 27. Rxd1 g6 28. e5 Ba6 29. Be4 Rc2 30. Be1 Bb5 1/2-1/2

[Event "Asia-chT rapid"]
[Site "Hong Kong"]
[Date "2024.08.24"]
[Round "10.8"]
[White "Peng, Xinbei"]
[Black "Triapishko, Alexandr"]
[Result "0-1"]
[WhiteElo "1817"]
[BlackElo "2473"]
[PlyCount "88"]
[EventDate "2024.08.22"]
[EventType "team-swiss (rapid)"]
[EventRounds "11"]
[EventCountry "HKG"]
[SourceTitle "CBM 221 Extra"]
[Source "ChessBase"]
[SourceDate "2024.09.30"]
[SourceVersion "1"]
[SourceVersionDate "2024.09.30"]
[SourceQuality "1"]
[WhiteTeam "Monthly Standard"]
[BlackTeam "The Formula of Chess"]
[WhiteTeamCountry "HKG"]
[BlackTeamCountry "RUS"]

1. e4 d6 2. d4 e5 3. Nf3 exd4 4. Nxd4 Nf6 5. Nc3 g6 6. Be2 Bg7 7. Be3 0-0 8. 0-0 Re8 9. f3 d5 10. Nb3 c6 11. Qd2 dxe4 12. Qxd8 Rxd8 13. fxe4 Ng4 14. Bg5 Re8 15. h3 Ne5 16. Bf6 Bxf6 17. Rxf6 Be6 18. Nc5 Nbd7 19. Nxd7 Nxd7 20. Rf2 b5 21. a3 a5 22. Bf3 Ne5 23. b3 Kf8 24. Kh2 Red8 25. Rd1 Rxd1 26. Nxd1 a4 27. b4 Nc4 28. e5 Rc8 29. Bg4 Bxg4 30. hxg4 Re8 31. Rf6 Re6 32. Rf3 Nxe5 33. Rg3 Nc4 34. Nf2 Re3 35. Nd3 Rxg3 36. Kxg3 Nxa3 37. c3 Nb1 38. Kf3 Nxc3 39. Nc5 Nd5 40. Ke4 Nxb4 41. Kd4 Ke7 42. Kc3 Nd5+ 43. Kd4 Nf4 44. g3 Ne6+ 0-1

[Event "Asia-chT rapid"]
[Site "Hong Kong"]
[Date "2024.08.22"]
[Round "3.8"]
[White "Triapishko, Alexandr"]
[Black "Parondo, Rolly"]
[Result "1/2-1/2"]
[WhiteElo "2473"]
[BlackElo "2193"]
[PlyCount "172"]
[EventDate "2024.08.22"]
[EventType "team-swiss (rapid)"]
[EventRounds "11"]
[EventCountry "HKG"]
[SourceTitle "CBM 221 Extra"]
[Source "ChessBase"]
[SourceDate "2024.09.30"]
[SourceVersion "1"]
[SourceVersionDate "2024.09.30"]
[SourceQuality "1"]
[WhiteTeam "The Formula of Chess"]
[BlackTeam "Filipino CC"]
[WhiteTeamCountry "RUS"]
[BlackTeamCountry "PHI"]

1. Nf3 Nf6 2. g3 g6 3. b3 Bg7 4. Bb2 0-0 5. Bg2 d6 6. d4 c6 7. 0-0 Qa5 8. Qd2 Qxd2 9. Nbxd2 Bf5 10. c4 a5 11. a3 Ne4 12. Rfd1 Bh6 13. e3 Nxd2 14. Nxd2 Na6 15. e4 Bg4 16. f3 Bd7 17. f4 Rfd8 18. Bc3 Nc7 19. b4 a4 20. Rac1 Bg7 21. e5 Be6 22. Bb2 d5 23. c5 f6 24. Re1 Bf5 25. Re2 Nb5 26. h3 h5 27. Kh2 fxe5 28. dxe5 Bh6 29. Nf3 Be4 30. h4 Rf8 31. Rd1 Bf5 32. Bh3 e6 33. Nd4 Kf7 34. Rf2 Nxd4 35. Bxd4 Ke7 36. Bf1 Kd7 37. Rdd2 Rfc8 38. Rb2 Bf8 39. Rf3 Be7 40. Rc3 Ra6 41. Kg2 Rf8 42. Be2 Ra7 43. Kf2 Bd8 44. Ke3 Bc7 45. Rc1 Rb8 46. b5 Raa8 47. Bc3 Bd8 48. Bd4 Bc7 49. Bd1 Ba5 50. b6 Be1 51. Rg2 Ba5 52. Rg1 Ra6 53. Be2 Rba8 54. Bd3 Ke7 55. Bf1 Kf7 56. Rg2 Be4 57. Rb2 Bf5 58. Bxa6 Rxa6 59. Bc3 Bxc3 60. Rxc3 Ra5 61. Kd4 Bg4 62. Rc1 Ke7 63. Rb4 Kd7 64. Rc3 Bf5 65. Ke3 Ke7 66. Kd2 Kd7 67. Rc1 Ke7 68. Ke3 Kd7 69. Kf2 Ke7 70. Rc3 Kd7 71. Kf3 Bg4+ 72. Ke3 Bf5 73. Rd4 Ke7 74. Kd2 Kd7 75. Rb4 Ke7 76. Rc1 Kd7 77. Ke3 Ke7 78. Kd4 Kd7 79. Rf1 Ke7 80. Rh1 Kd7 81. g4 Bxg4 82. Rg1 Bf5 83. Rg5 Ke7 84. Rb2 Kf7 85. Rg3 Ke7 86. Rg5 Kf7 1/2-1/2